Skip to content
VuFind
All Fields
Title
Author
Subject
Call Number
ISBN/ISSN
Tag
Find
Advanced
Macintosh hands-on Pascal
Cite this
Print
Export Record
Export to RefWorks
Export to EndNoteWeb
Export to EndNote
Export to MARC
Macintosh hands-on Pascal
Bibliographic Details
Format:
Book
Holdings
Description
Similar Items
Staff View
MARC
LEADER
00000cam a2200000 7i4500
001
0000008311
002
000009063
005
20000330.0
020
|a
0534063543
090
0
0
|a
001.6224
|b
LEW
245
1
0
|a
Macintosh hands-on Pascal
999
|a
0009223
|b
BUKU
|c
PINJAMAN
|e
PERPUSTAKAAN KOMUNITI PETALING JAYA
Similar Items
Apple Pascal
Pascal for FORTRAN programmers
Complete Turbo Pascal
by: Dunteman, Jeff
Published: (1987)
Inside macintosh
Published: (1994)
Macintosh revelations
by: Maki, Ken
Published: (1995)